| 000 | 00512nab a2200145Ia 4500 | ||
|---|---|---|---|
| 003 | ES-SlBCS | ||
| 005 | 20210601133738.0 | ||
| 008 | 140529s2005 xxu||||| |||| 00| 0 por d | ||
| 041 | _apor | ||
| 100 | 1 |
_aMiranda, María Irene _9209132 |
|
| 245 | 0 | 2 |
_aA produçao do conhecimento científico, os paradigmas epistemológicos e a pesquisa social _c María Irene Miranda |
| 650 | 0 | 4 |
_aConocimiento Científico _9114188 |
| 773 | 0 |
_tEducaçao e Filosofia _gvol. 19, nº. 37, 2005, págs. 239-251 _wRev1534 |
|
| 942 | _cAR | ||
| 999 |
_c601458 _d601458 |
||